000 00362nam a2200145Ia 4500
008 221030s9999 xx 000 0 und d
041 _aEnglish
082 _a105.23
_bMc
100 _aD. Mcclelland
245 0 _aCoreldraw 8 for Dummies
_cby D. Mcclelland
260 _bComdex Computers
_aNew Delhi
_c1999
300 _a410
650 _aBE Computer
942 _cBK
999 _c2271
_d2271